000 00958cam a22002653a 4500
001 2809
003 PGUSA
005 20140828083021.0
008 010901s2001||||xxu|||||s|||||000 1 eng d
040 _aPGUSA
_beng
042 _adc
050 4 _aPS
100 1 _aGarland, Hamlin,
_d1860-1940
245 1 0 _aMain-Travelled Roads
_h[electronic resource] /
_cHamlin Garland
260 _bProject Gutenberg,
_c2001
505 0 _aA branch road — Up the cooly — Among the corn-rows — The return of a private — Under the lion's paw — The creamery man — A day's pleasure — Mrs. Ripley's trip — Uncle Ethan Ripley — God's Ravens — A "Good Fellow's" Wife
506 _aPublic domain in the USA.
516 _aElectronic text
653 _aShort stories
653 _aWestern stories
653 _aMississippi River Valley -- Fiction
830 0 _aProject Gutenberg
_v2809
856 4 0 _uhttp://www.gutenberg.org/ebooks/2809
942 _cEB
999 _c232141
_d232141